[Event "Palanga Baltija op-A"]
[Site "Palanga"]
[Date "2014.06.19"]
[Round "6"]
[White "Ceponis, Tadas"]
[Black "Scheglov, Dmitry"]
[Result "1-0"]
[WhiteElo "1991"]
[BlackElo "1773"]
[PlyCount "57"]
[EventDate "2014.06.16"]
[EventType "swiss"]
[EventRounds "9"]
[EventCountry "LTU"]
[SourceTitle "CBM 161 Extra"]
[Source "ChessBase"]
[SourceDate "2014.08.29"]
[SourceVersion "1"]
[SourceVersionDate "2014.08.29"]
[SourceQuality "1"]

1. d4 Nf6 2. c4 c5 3. d5 e6 4. Nc3 exd5 5. cxd5 d6 6. Nf3 g6 7. Nd2 Bg7 8. e4 0-0 9. Be2 a6 10. a4 Nbd7 11. 0-0 b6 12. Nc4 Qc7 13. Bf4 Ne8 14. Bg3 Rb8 15. f4 b5 16. axb5 axb5 17. Na5 Bxc3 18. bxc3 Ra8 19. Nc6 Rxa1 20. Qxa1 Nef6 21. c4 Re8 22. Bh4 Rxe4 23. Bd3 Re3 24. Bxf6 Rxd3 25. Re1 Nxf6 26. Qxf6 Be6 27. dxe6 Qxc6 28. Qxf7+ Kh8 29. Qf8# 1-0

[Event "Palanga Baltija op-A"]
[Site "Palanga"]
[Date "2014.06.18"]
[Round "5"]
[White "Vaitonis, Vytautas"]
[Black "Ceponis, Tadas"]
[Result "1-0"]
[WhiteElo "1983"]
[BlackElo "1991"]
[PlyCount "51"]
[EventDate "2014.06.16"]
[EventType "swiss"]
[EventRounds "9"]
[EventCountry "LTU"]
[SourceTitle "CBM 161 Extra"]
[Source "ChessBase"]
[SourceDate "2014.08.29"]
[SourceVersion "1"]
[SourceVersionDate "2014.08.29"]
[SourceQuality "1"]

1. d4 c5 2. d5 e5 3. e4 a6 4. a4 d6 5. Nc3 Be7 6. Be2 Bg5 7. Nf3 Bxc1 8. Qxc1 Ne7 9. Nd2 0-0 10. 0-0 f5 11. f4 exf4 12. exf5 Bxf5 13. Rxf4 Ng6 14. Rf2 Ne5 15. Nde4 Bxe4 16. Rxf8+ Qxf8 17. Nxe4 Nbd7 18. Qg5 Nf7 19. Qg3 Re8 20. Bg4 Rxe4 21. Bxd7 Ne5 22. Be6+ Kh8 23. Rf1 Qe7 24. Qg5 Nf3+ 25. Rxf3 Re1+ 26. Kf2 1-0

[Event "LTU-ch U18"]
[Site "Panevezys"]
[Date "2014.03.26"]
[Round "2"]
[White "Ceponis, Tadas"]
[Black "Alekna, Laurynas"]
[Result "1-0"]
[WhiteElo "1991"]
[BlackElo "1747"]
[PlyCount "91"]
[EventDate "2014.03.25"]
[EventType "swiss"]
[EventRounds "7"]
[EventCountry "LTU"]
[SourceTitle "CBM 159 Extra"]
[Source "ChessBase"]
[SourceDate "2014.04.24"]
[SourceVersion "1"]
[SourceVersionDate "2014.04.24"]
[SourceQuality "1"]

1. d4 d5 2. c4 e6 3. Nc3 Nf6 4. cxd5 exd5 5. Bg5 c6 6. e3 Be7 7. Qc2 h6 8. Bh4 Qb6 9. Bxf6 Bxf6 10. Nxd5 cxd5 11. Qxc8+ Bd8 12. Qc2 Nc6 13. Ne2 Be7 14. Nc3 Bb4 15. Be2 Rc8 16. 0-0 Bxc3 17. Qxc3 0-0 18. Rfc1 Rc7 19. Bg4 f5 20. Bf3 Rd8 21. Qb3 Qxb3 22. axb3 b6 23. Rc3 Rcc8 24. Rac1 Ne7 25. Rxc8 Rxc8 26. Rxc8+ Nxc8 27. Bxd5+ Kf8 28. Kf1 Ke7 29. Bc4 g5 30. Ke2 Nd6 31. f3 h5 32. Bd3 Ke6 33. e4 f4 34. Bc4+ Ke7 35. Bd3 Nb7 36. e5 Ke6 37. Bc4+ Kf5 38. Ba6 Na5 39. Bc8+ Kg6 40. Be6 Nc6 41. Kd3 Nb4+ 42. Ke4 Nc2 43. d5 Kg7 44. d6 Kf8 45. Kf5 Ne3+ 46. Kxg5 1-0

[Event "LTU-ch sf"]
[Site "Vilnius"]
[Date "2014.02.22"]
[Round "7"]
[White "Rimeikis, Andrius"]
[Black "Ceponis, Tadas"]
[Result "0-1"]
[WhiteElo "2170"]
[BlackElo "1969"]
[PlyCount "86"]
[EventDate "2014.02.17"]
[EventType "swiss"]
[EventRounds "8"]
[EventCountry "LTU"]
[SourceTitle "CBM 158 Extra"]
[Source "ChessBase"]
[SourceDate "2014.02.28"]
[SourceVersion "1"]
[SourceVersionDate "2014.02.28"]
[SourceQuality "1"]

1. e4 c5 2. Nc3 d6 3. Nge2 Nc6 4. d4 cxd4 5. Nxd4 Nf6 6. f3 g6 7. Be3 Bg7 8. Qd2 0-0 9. 0-0-0 d5 10. Nxc6 bxc6 11. e5 Nd7 12. f4 Qa5 13. Kb1 Rb8 14. Ka1 Rd8 15. Ne4 Qc7 16. Nc5 Nxc5 17. Bxc5 Bf8 18. h4 Bg4 19. Re1 e6 20. Bxf8 Rxf8 21. h5 Qe7 22. Bd3 Rb7 23. hxg6 fxg6 24. Rh6 Qb4 25. Qxb4 Rxb4 26. Bxg6 Kg7 27. Reh1 hxg6 28. Rh7+ Kg8 29. Rh8+ Kf7 30. R8h7+ Ke8 31. g3 Rf7 32. Rh8+ Kd7 33. Ra8 Rb7 34. a4 c5 35. Rhh8 Kc6 36. Rhd8 Rfd7 37. Rg8 Bf5 38. Rae8 d4 39. g4 Bxg4 40. Rxg6 Bf5 41. Rh6 Kd5 42. Kb1 Ke4 43. Rf6 Rf7 0-1